Psicología criminal
שמור ב:
| Main Authors: | , |
|---|---|
| פורמט: | ספר |
| שפה: | ספרדית |
| יצא לאור: |
Madrid
Prentice Hall
2005
|
| נושאים: | |
| תגים: |
הוספת תג
אין תגיות, היה/י הראשונ/ה לתייג את הרשומה!
|
MARC
| LEADER | 00000nam a2200000 a 4500 | ||
|---|---|---|---|
| 001 | UCJ0929 | ||
| 003 | CL-VaPUC | ||
| 008 | 060914e20050000SP |||||||||||||||||spa|d | ||
| 020 | |a 8483223066 | ||
| 082 | 0 | 4 | |a 364.3 |b SOR |2 21 |
| 100 | 0 | |a Soria Verde, Miguel Angel |e author |9 501386 | |
| 700 | 0 | |a Sáiz Roca, Dolores |e author |9 501387 | |
| 245 | 1 | 0 | |a Psicología criminal |
| 300 | |a 491 p | ||
| 942 | |c BK | ||
| 945 | |d 20060914 00:00:00 |a jtorresc | ||
| 260 | |a Madrid |b Prentice Hall |c 2005 | ||
| 650 | 7 | |a PSICOLOGIA CRIMINAL |2 CL-VaPUC |9 256274 | |
| 650 | 7 | |a COMPORTAMIENTO ANTISOCIAL |2 CL-VaPUC |9 311364 | |
| 650 | 0 | |a Criminología |9 256168 | |
| 650 | 7 | |a DERECHO PENAL |2 CL-VaPUC |9 11 | |
| 650 | 0 | |a Delitos |9 224143 | |
| 650 | 7 | |a PARTICIPACION CRIMINAL |2 CL-VaPUC |9 383238 | |
| 650 | 0 | |a Justicia |9 255408 | |
| 650 | 0 | |a Jurisdicción |9 255090 | |
| 583 | |a last modification |c 20140409 03:49:22 |k Rodrigo Vera | ||
| 999 | |c 317667 |d 317665 | ||
| 952 | |0 0 |1 0 |4 0 |6 364_300000000000000_SOR_2005 |7 0 |8 A |9 394479 |a BIBDER |b BIBDER |d 2019-11-22 |i 4280490 |l 4 |o 364.3 SOR 2005 |p 4280490 |r 2023-08-21 |s 2023-08-14 |w 2019-11-22 |y BK |k DER | ||